| 000 | 02787nam a2200397 i 4500 | ||
|---|---|---|---|
| 001 | 193308 | ||
| 003 | SpMaBN | ||
| 005 | 20250712063137.0 | ||
| 007 | ta | ||
| 008 | 231102s2023 sp | |||| 000 f spa | ||
| 017 |
_aB 6432-2016 _bOficina Depósito Legal Barcelona |
||
| 020 | _a9788432229077 | ||
| 035 | _a(OCoLC)937795048 | ||
| 035 | _aa5741867 | ||
| 040 |
_aSpMaBN _bspa _cSpMaBN _erdc _dES-MaACL |
||
| 080 | _a821.134.2-31"19" | ||
| 100 | 1 |
_aMontero, Rosa, _d1951- _0XX968899 _eaut _982503 |
|
| 245 | 1 | 3 |
_aEl peso del corazón / _cRosa Montero |
| 250 | _aTercera impresión: enero de 2023 | ||
| 260 |
_aBarcelona : _bSeix Barra, _c2023 |
||
| 300 |
_a397 páginas ; _c19 cm |
||
| 336 |
_aTexto (visual) _2isbdcontent |
||
| 337 |
_asin mediación _2isbdmedia |
||
| 338 |
_2rdacarrier _avolumen |
||
| 490 | 0 |
_aBruna Husky ; _v2 |
|
| 520 | _aContratada para resolver un caso a primera vista sencillo, la detective Bruna Husky se enfrenta a una trama de corrupción internacional que amenaza con desestabilizar el frágil equilibrio entre una Tierra convulsa y la dictadura religiosa de Reino de Labari. En un futuro en el que la guerra está supuestamente erradicada, Bruna lucha contrarreloj por la libertad y en defensa de la vida, mientras asimila los sentimientos contradictorios que le produce hacerse cargo de una niña pequeña. Bruna Husky es una superviviente capaz de todo que se debate entre la autosuficiencia y la desesperada necesidad de cariño. Es una fiera atrapada en la cárcel de su corta vida, un tigre que va y viene ante los barrotes de su jaula «para que no se le escape el único y brevísimo instante de la salvación», como el felino de la bella frase de Elias Canetti. 'El peso del corazón' es un thriller, una novela de aventuras política y ecológica, de fantasía y ciencia ficción, un relato mítico, un cuento para adultos, una reflexión sobre la creación literaria, una metáfora sobre el peso de la vida y la oscuridad de la muerte… ¡Y una historia de amor! Rosa Montero regresa al mundo fascinante que creó en 'Lágrimas en la lluvia' y nos sorprende de nuevo con esa potencia narrativa que ha convertido a Bruna Husky en una protagonista legendaria. | ||
| 586 | _aEn cub.: Premio Nacional de las Letras | ||
| 655 | 7 |
_9234410 _aNovelas de suspense |
|
| 852 |
_aES-MaACL _9200748 _bR.154720 _jN-9494 _cDEPOJ _hDonación: Rosa Montero _gDedicatoria autógrafa de la autora _xEncuadernación rústica |
||
| 903 |
_aMontero, Rosa, _d1951- _ednr _982503 |
||
| 942 |
_n0 _cMONOGRAFIA |
||
| 999 |
_c193308 _d193308 |
||